000 01030nas a2200337 4500
001 BR2013009817
003 BR-BrBNA
005 20231205123332.0
007 ta
008 230509b bl.|||p| |||| 00| 00por d
040 _aBR-BrBNA
_bpor
_cBiblioteca Nacional de Agricultura
041 _a(Pt)
072 _aP33
100 1 _aTavares, L. de S.
100 1 _aScaramuzza, WW.L.M.P.
100 1 _aWeber, O.L. dos S.
100 1 _aValadão, F.C. de A.
100 1 _aMaas, K.D.B.
245 1 _aLodo do curtimento e sua influência na produção de mudas de paricá (Schizolobium amazonicum)e nas propriedades químicas do solo
650 _aPARICÁ
650 _aÁRVORE ANGIOSPERMA
650 _aMUDA
650 _aRESÍDUO INDUSTRIAL
650 _aFLORESTA
650 _aNUTRIÇÃO
650 _aSOLO
650 _aSALINIZAÇÃO
773 0 _tCiência Florestal (Brazil)
_xISSN 0103-9954
_g(Sep 2013), v. 23(3) p. 357-368
_wBR2013009817
909 _a202311
_bLúcia
_c55
_dLúcia Elande
942 _2AGRIS
_n0
_cANA
999 _c233384
_d233384